Accoglienza inclusiva Volontariato a confronto con omosessualità e transessualismo Briciole, rivista trimestrale del Centro Servizi Volontariato Toscana, numero 17

সংরক্ষণ করুন:
গ্রন্থ-পঞ্জীর বিবরন
প্রধান লেখক: Michelucci, Marco
সংস্থা লেখক: Centro Servizi Volontariato Toscana, Arcigay Pisa
বিন্যাস: গ্রন্থ
ভাষা:ইংরেজি
প্রকাশিত: Firenze Centro Servizi Volontariato Toscana 2008
ট্যাগগুলো: ট্যাগ যুক্ত করুন
কোনো ট্যাগ নেই, প্রথমজন হিসাবে ট্যাগ করুন!

MARC

LEADER 00000nam a2200000 4500
005 20240529174736.0
008 240529b |||||||| |||| 00| 0 eng d
040 |c GP 
100 |a Michelucci, Marco 
110 |a Centro Servizi Volontariato Toscana 
245 |a Accoglienza inclusiva  |b Volontariato a confronto con omosessualità e transessualismo  |n Briciole, rivista trimestrale del Centro Servizi Volontariato Toscana, numero 17 
260 |a Firenze  |b Centro Servizi Volontariato Toscana  |c 2008 
710 |a Arcigay Pisa 
942 |2 ddc  |c BK  |n 0 
952 |0 0  |1 0  |2 ddc  |4 0  |6 361_370945000000000_MIC  |7 1  |9 1316  |a RM  |b RM  |d 2024-05-29  |l 0  |o 361.370945 MIC  |p 118  |r 2024-05-29 17:48:18  |w 2024-05-29  |y BK 
999 |c 1212  |d 1212